000 00382nam a2200145Ia 4500
005 20251222144633.0
008 251222s9999||||xx |||||||||||||| ||spa||
020 _a8440067054
082 _a248.2/S45
100 _aAlonso, Severino María, C.M.F.
245 0 _aLa Vida Consagrada. Síntesis Teológica
250 _a5ta. ed.
264 _bPublicaciones Claretianas
942 _cLIB
999 _c16396
_d16396